|
|
|
|
| LEADER |
00000naa2a2200000 4500 |
| 001 |
624087 |
| 005 |
20231101133309.0 |
| 035 |
|
|
|a (RuTPU)RU\TPU\conf\23300
|
| 035 |
|
|
|a RU\TPU\conf\23296
|
| 090 |
|
|
|a 624087
|
| 100 |
|
|
|a 20171031d2017 k y0rusy50 ca
|
| 101 |
0 |
|
|a rus
|e rus
|
| 102 |
|
|
|a RU
|
| 105 |
|
|
|a y z 101zy
|
| 135 |
|
|
|a drcn ---uucaa
|
| 181 |
|
0 |
|a i
|
| 182 |
|
0 |
|a b
|
| 200 |
1 |
|
|a Исследование термостабильности низкомодульного сплава Ti-40 мас. %Nb в ультрамелкозернистом состоянии
|f А. Н. Емельянов, А. Майрамбекова, И. А. Глухов
|
| 203 |
|
|
|a Текст
|c электронный
|
| 225 |
1 |
|
|a Функциональные материалы и покрытия
|
| 230 |
|
|
|a 1 компьютерный файл (pdf; 202 Кб)
|
| 300 |
|
|
|a Заглавие с экрана
|
| 320 |
|
|
|a [Библиогр.: с. 165 (3 назв.)]
|
| 463 |
|
0 |
|0 (RuTPU)RU\TPU\conf\23187
|t Современные технологии и материалы новых поколений
|o сборник трудов Международной конференции с элементами научной школы для молодежи, г. Томск, 9-13 октября 2017 г.
|f Национальный исследовательский Томский политехнический университет (ТПУ) ; Российская академия наук (РАН), Сибирское отделение (СО), Институт физики прочности и материаловедения (ИФПМ)
|v [С. 164-165]
|d 2017
|
| 610 |
1 |
|
|a электронный ресурс
|
| 610 |
1 |
|
|a термостабильность
|
| 610 |
1 |
|
|a сплавы
|
| 610 |
1 |
|
|a ультрамелкозернистные состояния
|
| 610 |
1 |
|
|a биоинертные сплавы
|
| 610 |
1 |
|
|a медицинские имплантанты
|
| 610 |
1 |
|
|a биосовместимость
|
| 610 |
1 |
|
|a механические свойства
|
| 610 |
1 |
|
|a коррозионная стойкость
|
| 610 |
1 |
|
|a пластические деформации
|
| 700 |
|
1 |
|a Емельянов
|b А. Н.
|
| 701 |
|
1 |
|a Майрамбекова
|b А.
|
| 701 |
|
1 |
|a Глухов
|b И. А.
|
| 712 |
0 |
2 |
|a Национальный исследовательский Томский политехнический университет (ТПУ)
|c (2009- )
|2 stltpush
|3 (RuTPU)RU\TPU\col\15902
|
| 712 |
0 |
2 |
|a Национальный исследовательский Томский государственный университет (ТГУ)
|c (2009- )
|2 stltpush
|3 (RuTPU)RU\TPU\col\17230
|
| 712 |
0 |
2 |
|a Академия наук СССР (АН СССР)
|b Сибирское отделение (СО)
|b Институт физики прочности и материаловедения (ИФПМ)
|c (Томск)
|2 stltpush
|3 (RuTPU)RU\TPU\col\11521
|
| 801 |
|
2 |
|a RU
|b 63413507
|c 20171103
|g RCR
|
| 856 |
4 |
|
|u http://earchive.tpu.ru/handle/11683/43830
|
| 942 |
|
|
|c BK
|